Introduction to Forestry & Agroforestry (Record no. 4197)
[ view plain ]
| 000 -LEADER | |
|---|---|
| fixed length control field | 00425nam a22001457a 4500 |
| 008 - FIXED-LENGTH DATA ELEMENTS--GENERAL INFORMATION | |
| fixed length control field | 250709b |||||||| |||| 00| 0 eng d |
| 020 ## - INTERNATIONAL STANDARD BOOK NUMBER | |
| ISBN | 9789387741720 |
| 100 ## - MAIN ENTRY--AUTHOR | |
| Author | Parthiban K.T |
| 245 ## - TITLE STATEMENT | |
| Title | Introduction to Forestry & Agroforestry |
| 260 ## - PUBLICATION, DISTRIBUTION, ETC. (IMPRINT) | |
| Place of publication | n.p |
| Name of publisher | Scientific Publishers |
| Date of publication | 2023 |
| 300 ## - COLLATION | |
| Pagination | ix, 367p. |
| Other physical details | ill. |
| 650 ## - TRACINGS | |
| Main Subject | Forest and Forestry-Research Method |
| Subdivision (1st) | Botanical Chemistry |
| 942 ## - ADDED ENTRY ELEMENTS (KOHA) | |
| Item type | Books |
| 050 ## - LIBRARY OF CONGRESS CALL NUMBER | |
| Classification number | SD356.4 |
| Item number | .P37 |
| Source of classification or shelving scheme | Not for loan | Permanent location | Current location | Date acquired | Accession No. | Full call number | Barcode. | Koha item type |
|---|---|---|---|---|---|---|---|---|
| Library of Congress Classification | Samuel Ogbemudia Main Library, University of Abuja | Samuel Ogbemudia Main Library, University of Abuja | 07/09/2025 | 2024-62068 | SD356.4.P37 | 2025-2942 | Books |